|
|
|
|
| LEADER |
01092nam a2200289 a 4500 |
| 001 |
2925 |
| 003 |
BD-DhAAL |
| 005 |
20150218110041.0 |
| 008 |
150218s1999 mdua b 001 0 eng |
| 010 |
|
|
|a 98048272
|
| 020 |
|
|
|a 0847693554 (cloth : alk. paper)
|
| 020 |
|
|
|a 0847693562 (pbk. : alk. paper)
|
| 040 |
|
|
|a DLC
|c DLC
|d DLC
|d BD-DhAAL
|
| 050 |
0 |
0 |
|a JK1764
|b .C5267 1999
|
| 082 |
0 |
0 |
|a 301/.0973
|2 21
|
| 245 |
0 |
0 |
|a Civil society, democracy, and civic renewal /
|c edited by Robert K. Fullinwider.
|
| 260 |
|
|
|a Lanham, MD :
|b Rowman & Littlefield Publishers,
|c c1999.
|
| 300 |
|
|
|a vii, 433 p. :
|b ill. ;
|c 24 cm.
|
| 504 |
|
|
|a Includes bibliographical references and index.
|
| 541 |
|
|
|e 2925
|
| 650 |
|
0 |
|a Political participation
|z United States.
|9 7615
|
| 650 |
|
0 |
|a Civil society
|z United States.
|9 8263
|
| 650 |
|
0 |
|a Democracy
|z United States.
|9 8002
|
| 700 |
1 |
|
|a Fullinwider, Robert K.,
|d 1942-
|9 8603
|
| 942 |
|
|
|2 ddc
|c BK
|
| 999 |
|
|
|c 33742
|d 33742
|
| 952 |
|
|
|0 0
|1 0
|2 ddc
|4 0
|6 301_097300000000000_CIV
|7 0
|9 52701
|a SCL
|b SCL
|c GEN
|d 2015-02-18
|l 0
|o 301.0973 CIV
|p 3020002925
|r 2015-02-18
|t 1
|w 2015-02-18
|y BK
|